[Event "GER-chT U20"]
[Site "Kiel"]
[Date "2022.07.24"]
[Round "3.2"]
[White "Renk, Jonas"]
[Black "Garbuz, Vitaliy"]
[Result "0-1"]
[WhiteElo "1897"]
[BlackElo "2088"]
[PlyCount "70"]
[EventDate "2022.07.22"]
[EventType "team-swiss"]
[EventRounds "7"]
[EventCountry "GER"]
[SourceTitle "CBM 209 Extra"]
[Source "ChessBase"]
[SourceDate "2022.09.30"]
[SourceVersion "1"]
[SourceVersionDate "2022.09.30"]
[SourceQuality "1"]
[WhiteTeam "Langen"]
[BlackTeam "Brackel"]
[WhiteTeamCountry "GER"]
[BlackTeamCountry "GER"]

1. Nc3 c5 2. e4 a6 3. Nf3 e6 4. d4 cxd4 5. Nxd4 Qc7 6. g3 b5 7. a3 Bb7 8. Bg2 d6 9. 0-0 Nd7 10. Re1 Ngf6 11. Nb3 Be7 12. Be3 Ne5 13. Nd2 0-0 14. h3 Rfd8 15. Qe2 Rac8 16. f4 Ned7 17. Qf2 Nc5 18. Rad1 d5 19. exd5 Nxd5 20. Nxd5 Bxd5 21. Bd4 Bxg2 22. Kxg2 Qc6+ 23. Kh2 Na4 24. Rc1 Rxd4 25. Qxd4 Bf6 26. Qb4 Bxb2 27. c4 Bxc1 28. Rxc1 Qb6 29. Rf1 Qe3 30. Kg2 Nc3 31. Rf2 Nd1 32. Rf1 Qe2+ 33. Kg1 Ne3 34. Rf2 Qe1+ 35. Nf1 Qxb4 0-1

[Event "GER-chT U20"]
[Site "Kiel"]
[Date "2022.07.23"]
[Round "2.4"]
[White "Dietzel, Lukas"]
[Black "Renk, Jonas"]
[Result "1-0"]
[WhiteElo "1564"]
[BlackElo "1897"]
[PlyCount "117"]
[EventDate "2022.07.22"]
[EventType "team-swiss"]
[EventRounds "7"]
[EventCountry "GER"]
[SourceTitle "CBM 209 Extra"]
[Source "ChessBase"]
[SourceDate "2022.09.30"]
[SourceVersion "1"]
[SourceVersionDate "2022.09.30"]
[SourceQuality "1"]
[WhiteTeam "Heilbronn"]
[BlackTeam "Langen"]
[WhiteTeamCountry "GER"]
[BlackTeamCountry "GER"]

1. e4 c5 2. c3 d5 3. exd5 Qxd5 4. d4 Nf6 5. Nf3 e6 6. Na3 cxd4 7. Nb5 Qd8 8. Nbxd4 Be7 9. Qc2 Nbd7 10. Bd3 Qc7 11. h4 a6 12. Bg5 Nc5 13. h5 e5 14. Nf5 e4 15. Bxe4 0-0 16. Bd3 Nxd3+ 17. Qxd3 Bxf5 18. Qxf5 Rad8 19. Bxf6 Bxf6 20. 0-0 Qb6 21. Rab1 Rd6 22. Ng5 g6 23. Qf4 Rd5 24. Ne4 Rf5 25. Nxf6+ Qxf6 26. Qe4 Rxh5 27. Rbd1 Qg7 28. Rd5 g5 29. Rd6 f6 30. Rfd1 Qh6 31. g3 Kh8 32. Rd8 g4 33. Rxf8+ Qxf8 34. Qxg4 Rg5 35. Qe4 Rg8 36. Rd7 Qh6 37. Rxb7 Qh3 38. Qg2 Qf5 39. Qc6 h5 40. Rb4 Qe5 41. Qe4 Qg5 42. Qf4 Qg6 43. Rb8 Rxb8 44. Qxb8+ Kh7 45. Qb7+ Kh6 46. Kg2 h4 47. Qf3 Qb1 48. Qxf6+ Kh7 49. Qxh4+ Kg8 50. Qc4+ Kf8 51. b4 Qc2 52. g4 Qd1 53. Qd4 Qa4 54. g5 Qc6+ 55. Kg3 Qh1 56. Qd8+ Kg7 57. Qf6+ Kg8 58. Qg6+ Kh8 59. Qh6+ 1-0

[Event "Rhein Main op-B 22nd"]
[Site "Bad Homburg"]
[Date "2019.06.22"]
[Round "6"]
[White "Renk, Jonas"]
[Black "Herold, Hansjoerg"]
[Result "1-0"]
[WhiteElo "1837"]
[BlackElo "1854"]
[PlyCount "49"]
[EventDate "2019.06.19"]
[EventType "swiss"]
[EventRounds "7"]
[EventCountry "GER"]
[SourceTitle "EXT 2020"]
[Source "ChessBase"]
[SourceDate "2019.10.17"]
[SourceVersion "1"]
[SourceVersionDate "2019.10.17"]
[SourceQuality "1"]

1. e4 e5 2. Nf3 Nc6 3. d4 exd4 4. Nxd4 Bc5 5. Be3 Qf6 6. c3 Nge7 7. Be2 Bb6 8. Na3 a6 9. Nac2 0-0 10. Qd2 Ng6 11. 0-0-0 Nxd4 12. Nxd4 Qe5 13. Bd3 Qa5 14. Bb1 d6 15. f4 Bxd4 16. Bxd4 f5 17. g4 fxe4 18. f5 Ne5 19. Bxe4 Qxa2 20. Bxe5 Qa1+ 21. Bb1 dxe5 22. Qd5+ Kh8 23. f6 g6 24. Qxe5 Kg8 25. Qe7 1-0

[Event "Rhein Main op-B 22nd"]
[Site "Bad Homburg"]
[Date "2019.06.20"]
[Round "2"]
[White "Renk, Jonas"]
[Black "Friedel, Thomas"]
[Result "1-0"]
[WhiteElo "1837"]
[BlackElo "1625"]
[PlyCount "43"]
[EventDate "2019.06.19"]
[EventType "swiss"]
[EventRounds "7"]
[EventCountry "GER"]
[SourceTitle "EXT 2020"]
[Source "ChessBase"]
[SourceDate "2019.10.17"]
[SourceVersion "1"]
[SourceVersionDate "2019.10.17"]
[SourceQuality "1"]

1. e4 e5 2. Nf3 d6 3. d4 Nf6 4. Bc4 Be7 5. dxe5 Nxe4 6. Qd5 Be6 7. Qxb7 Bxc4 8. Qxa8 d5 9. Be3 c5 10. Nbd2 Nxd2 11. Nxd2 0-0 12. Nxc4 dxc4 13. 0-0 Qb6 14. Qe4 Nc6 15. Rad1 Re8 16. e6 Nd8 17. exf7+ Nxf7 18. Qxc4 Qxb2 19. h3 Qe5 20. Rd3 Bd6 21. g3 Kf8 22. Rfd1 1-0

[Event "Rhein Main op-B 22nd"]
[Site "Bad Homburg"]
[Date "2019.06.19"]
[Round "1"]
[White "Spill, Werner"]
[Black "Renk, Jonas"]
[Result "0-1"]
[WhiteElo "1434"]
[BlackElo "1837"]
[PlyCount "60"]
[EventDate "2019.06.19"]
[EventType "swiss"]
[EventRounds "7"]
[EventCountry "GER"]
[SourceTitle "EXT 2020"]
[Source "ChessBase"]
[SourceDate "2019.10.17"]
[SourceVersion "1"]
[SourceVersionDate "2019.10.17"]
[SourceQuality "1"]

1. b3 d5 2. Bb2 c5 3. e3 Nc6 4. Bb5 Nf6 5. f4 e6 6. Nf3 Bd7 7. 0-0 a6 8. Bxc6 Bxc6 9. Ne5 Rc8 10. d3 Be7 11. Nd2 0-0 12. Ndf3 b5 13. Nxc6 Rxc6 14. Ne5 Rc7 15. Bc3 Qc8 16. Ba5 Rb7 17. Qf3 b4 18. Qh3 c4 19. bxc4 Qc5 20. Bxb4 Rxb4 21. d4 Qc8 22. c5 Ne4 23. Qh5 Bf6 24. Nd3 Rc4 25. Qd1 Qc7 26. Nf2 Nc3 27. Qd3 Rb8 28. a4 Qb7 29. Ra3 Qb2 30. Rfa1 Qxa3 0-1